| 000 | 00350nam a2200133Ia 4500 | ||
|---|---|---|---|
| 008 | 240624s9999 xx 000 0 und d | ||
| 041 | _aeng | ||
| 082 | _a413 MAC | ||
| 100 | _aMACMILLAN | ||
| 245 | _aMACMILLAN ENGLISH DICTIONARY FOR ADVANCE | ||
| 260 |
_c2006 _aOxford _bMacmillan Education |
||
| 300 | _axiv, : 1692 : p. : cm. ; 26 | ||
| 365 |
_cRS _b25 |
||
| 999 |
_c3549 _d3549 |
||